The New Deal Chapter Test - Statistics

General Stats
  • This quiz has been taken 63 times
  • The average score is 15 of 39
Answer Stats
Question Answer % Correct
What party was FDR apart of Democratic
89%
Who was the hands off president in this election Hoover
78%
Eyes and Ears of FDR; was also the first lady Eleanor Roosevelt
64%
What Month was FDR inaugurated March
64%
regulated the stock market SEC
56%
What amendment allowed for inauguration to happen in January 20th
53%
4 day regulation of the banks EBA
53%
How did FDR speak to his followers before inauguration FireSide chats
53%
1st women in the brain trust Frances Perkins
50%
What was that party's song Happy Days are here again
50%
Advisors who helped FDR Brain Trust
47%
insured the banks FDIC
47%
redistribute the wealth: ran against FDR Huey Long
47%
How many jobs did the CCC employ 2.5
44%
8 million jobs; ran by Harry Hopkins WPA
44%
unions combine to create the CIO
42%
main type of strike sit down strike
42%
USA was considered a ____ state Welfare
42%
paying out more than taking in deficit spending
39%
One of the most famous ones to the answer above Father coughlin
39%
sent funds to local relief agency's FERA
36%
Steinbeck wrote the Grapes of Wrath
33%
The president of the answer above John L Lewis
33%
Was also known as the Wagner act; set up NLRB NLRA
33%
nation debt in 1940 43 billion
28%
escape from realities escapism
28%
more jobs with money back into the economy Pump priiming
28%
three R's ReformRelief Recovery
28%
Who thought that the new deal wasn't enough Upton Sinclair
28%
leaders who manipulate with half truths Demagogues
25%
FDR spends thee ___ money on the arts PWA
25%
who were the republicans in the brain trust WallaceIckes
25%
who thought that the new deal was "unamerican" AFL
22%
famous directed that focuses on America strength Frank Capra
19%
allowed for only 2 terms 22 amendment
17%
famous photographer Dorothea Lange
17%
Who was a main person in the Black cabinet Mary McLeod Bethune
11%
famous radio broadcast War of Worlds
11%
comedy stars Jack BennyGeorge Burns
8%
No matching quizzes found
Score Distribution
Percent of People with Each Score
Percentile by Number Answered
Your Score History
You have not taken this quiz